000 01158nam a22003377a 4500
003 CHAP
005 20220329135354.0
008 971013s1943 r 00010 d
010 _a35225
011 _a36197
035 _a40316
040 _cCHAP
082 _a630.79
_bM43
110 _aMéxico. Secretaría de Agricultura y Fomento
_977108
245 _aExposiciones
_b: bases y reglamentos para la Exposición Nacional de Agricultura y Ganadería
250 _a1943
260 _aMéxico, D.F. :
_b(s.e.),
_c1943
300 _a134 p.
_b: ilus
590 _aBATCH-UPD
_b10
_c20130110
_lUCH01
_h0036
590 _aBATCH-UPD
_b10
_c20130110
_lUCH01
_h2129
590 _aBATCH-UPD
_b10
_c20130409
_lUCH01
_h2020
590 _aBATCH-UPD
_b10
_c20130410
_lUCH01
_h1439
590 _aBATCH-UPD
_b10
_c20130913
_lUCH01
_h2044
590 _aCONVERSION
_b10
_c20130109
_lUCH01
_h1320
650 1 4 _aAgricultura
_xExposiciones.
_91484
650 1 4 _aExposición Nacional de Agricultura y Ganadería México,
_y1943.
_939125
650 1 4 _aGanadería
_xExposiciones.
_944735
901 _aBK
942 _cLIBRO
949 _a630.79 M43
_bBC
_cBPP
_d-92205
_eBPP
_h20182
_i40316
_si
999 _c35225
_d35225